Loading...
| Science - Chemistry | 0 | 3 | 0 | 0 | 30 | 68 | 95.00 | 1 | 2 | 5.33 | 16.67 |
| Mythology | 0 | 3 | 0 | 0 | 30 | 107 | 116.33 | 0 | 0 | 2.66 | 10.61 |
| Religion | 0 | 2 | 0 | 1 | 20 | 140 | 142.50 | 0 | 2 | 0.06 | 9.09 |
| History - European | 0 | 2 | 0 | 0 | 20 | 114 | 132.00 | 0 | 1 | 1.40 | 9.09 |
| Science - Biology | 0 | 2 | 0 | 0 | 20 | 97 | 106.50 | 0 | 1 | 2.27 | 9.09 |
| History - World | 0 | 2 | 0 | 1 | 20 | 87 | 107.50 | 1 | 1 | 2.79 | 10.61 |
| Pop Culture | 0 | 1 | 0 | 0 | 10 | 83 | 83.00 | 0 | 0 | 13.29 | 11.11 |
| Fine Arts - Classical Music | 0 | 0 | 0 | 0 | 0 | 0.00 | 0 | 0 | 0.00 | 0.00 | |
| Literature - European | 0 | 0 | 0 | 0 | 0 | 0.00 | 0 | 0 | 0.00 | 0.00 |